Wielowymiarówa analiza porównawcza w badaniach dynamiki zjawisk ekonomicznych
Salvato in:
| Autore principale: | |
|---|---|
| Natura: | Libro |
| Lingua: | polacco |
| Pubblicazione: |
Kraków
Akademia ekonomiczna
1984
|
| Serie: | Zeszyty naukowe
nr. 61 |
| Tags: |
Nessun Tag, puoi essere il primo ad aggiungerne!!
|
MARC
| LEADER | 00000nam a2200000 4500 | ||
|---|---|---|---|
| 001 | c114221 | ||
| 005 | 20041019155158.0 | ||
| 041 | 0 | |a pol | |
| 044 | |a PL | ||
| 245 | 1 | 0 | |a Wielowymiarówa analiza porównawcza w badaniach dynamiki zjawisk ekonomicznych |c Tadeusz Grabinski |
| 264 | 1 | |a Kraków |b Akademia ekonomiczna |c 1984 | |
| 300 | |a 265 s. | ||
| 490 | 1 | |a Zeszyty naukowe |v nr. 61 | |
| 830 | 0 | |a Zeszyty naukowe |v nr. 61 | |
| 100 | 1 | |a Grabinski, Tadeusz | |